000 00403nam a2200169Ia 4500
005 20250603144640.0
008 250603s9999 xx 000 0 und d
050 _aJQ 3093 .G63/
100 _aGodwin-okigbo, Bona
245 0 _aCitizens' National Assembly Handbook
260 _aLagos
260 _bHuman Rights Law Service
260 _c2001
300 _a136 p
650 _aLagos
942 _cBK
999 _c39542
_d39542